[Event "78th LOTTO POL-ch 2021"]
[Site "Bydgoszcz"]
[Date "2021.04.29"]
[Round "1.1"]
[White "Janik, Igor"]
[Black "Wojtaszek, Radoslaw"]
[Result "0-1"]
[WhiteElo "2495"]
[BlackElo "2694"]
[Annotator "TA"]
[PlyCount "116"]
[EventDate "2021.04.29"]
[EventType "k.o."]
[EventCountry "POL"]
[SourceTitle "playchess.com"]
[Source "ChessBase"]
[SourceQuality "1"]

{[%evp 9,116,26,18,25,45,41,47,17,24,19,11,4,8,11,25,26,34,19,25,15,33,0,0,0,0,0,0,-4,-1,-2,-8,-13,0,0,0,0,0,-17,0,-6,0,0,0,0,0,0,-6,-12,-14,-12,-9,-13,-6,-4,-7,-7,-6,-6,0,-3,-3,-3,0,-8,-8,-8,-9,-9,-7,-68,-61,-196,-204,-219,-219,-188,-191,-385,-385,-701,-635,-1378,-1310,-29967,-29968,-29972,-29973,-29973,-29974,-29974,-29971,-29969,-29972,-29972,-29973,-29973,-29974,-29974,-29975,-29975,-29976,-29976,-29977,-29978,-29979,-29979,-29980,-29994,-29995]} 1. d4 Nf6 2. c4 e6 3. Nf3 d5 4. Nc3 Nbd7 5. Bf4 Bb4 6. cxd5 {D37: Queen's Gambit Declined: 5 Bf4.} Nxd5 7. Bd2 N5f6 8. g3 {White is slightly better.} b6 9. Bg2 {Black must now prevent Ne5.} Bb7 10. O-O O-O 11. Rc1 c5 12. a3 Bxc3 13. Bxc3 Rc8 14. dxc5 Nxc5 15. Bb4 Qe7 {[#]} 16. Bxc5 $146 ({Predecessor:} 16. Qc2 a5 17. Bxc5 Rxc5 18. Qb3 Rfc8 19. Rxc5 Qxc5 20. Rd1 Bd5 21. Qd3 Qc2 22. Ne1 Qxb2 {0-1 (82) Matlakov,M (2699)-Kramnik,V (2753) Moscow 2019}) 16... Rxc5 17. Qa4 a5 18. Rfd1 Rfc8 19. Rxc5 Qxc5 20. Qd4 Qxd4 (20... Kf8 {with more complications.} 21. Qxc5+ Rxc5 22. b4 axb4 23. axb4 Rc7) 21. Nxd4 Bxg2 22. Kxg2 $11 {[%mdl 4096] Endgame KRN-KRN} Kf8 23. Kf3 Ke7 24. e4 Nd7 25. Ke2 g5 26. f3 h5 27. Rd2 Rc1 28. Rc2 Rb1 29. Nc6+ Kf6 30. Ke3 Ne5 31. Nxe5 Kxe5 {KR-KR} 32. f4+ gxf4+ 33. gxf4+ Kd6 34. Kd4 Rd1+ 35. Ke3 Re1+ 36. Kd4 f5 37. e5+ Kd7 {Strongly threatening ...Re4+.} 38. Kc4 Kc6 39. Rd2 (39. Kd3+ $11 Kb5 40. Rc8) 39... Re4+ 40. Kb3 {This move loses the game for White.} (40. Rd4 $1 $15 b5+ 41. Kd3 Rxd4+ 42. Kxd4) 40... Rxf4 $19 41. Rd6+ Kc5 42. Rxe6 a4+ 43. Ka2 $2 {[#]} (43. Kc3) 43... Re4 44. Rh6 $2 (44. b3 Re2+ 45. Kb1) 44... Rxe5 45. Rxh5 Kd4 46. Rh6 f4 {Black mates.} 47. Rxb6 f3 48. Rf6 Ke3 49. b3 f2 50. bxa4 Re4 51. Rxf2 Kxf2 {KR-K3P} 52. Kb3 Ke3 53. a5 Kd4 54. Kb4 Kd5+ 55. Kb5 Kd6 56. Kb6 Re3 57. a6 Rb3+ 58. Ka7 Kc7 {Weighted Error Value: White=0.39/Black=0.03} 0-1

[Event "78th LOTTO POL-ch 2021"]
[Site "Bydgoszcz"]
[Date "2021.04.30"]
[Round "1.2"]
[White "Wojtaszek, Radoslaw"]
[Black "Janik, Igor"]
[Result "0-1"]
[WhiteElo "2694"]
[BlackElo "2495"]
[Annotator "TA"]
[PlyCount "130"]
[EventDate "2021.04.29"]
[EventType "k.o."]
[EventCountry "POL"]
[SourceTitle "playchess.com"]
[Source "ChessBase"]
[SourceQuality "1"]

{[%evp 9,130,16,54,43,51,37,41,16,16,-3,51,62,58,44,37,44,37,2,5,0,16,0,0,0,0,0,0,-6,0,-20,-5,0,13,18,22,21,14,14,12,14,20,20,23,0,0,0,39,22,70,68,86,69,55,75,105,114,133,133,139,0,0,0,0,0,0,0,67,0,0,-133,-154,-141,-102,-107,-114,-118,-103,-172,-164,-472,-337,-457,-126,-138,-156,-197,-151,-261,-263,-250,-235,-550,-536,-414,-325,-376,-297,-580,-580,-686,-704,-1159,-995,-667,-453,-411,-381,-309,-154,-195,-169,-467,-467,-681,-620,-29956,-895,-29969,-29973,-29967,-29963,-4890,-4245]} 1. d4 e6 2. c4 b6 3. a3 Bb7 4. Nc3 f5 5. Bf4 {[#]} g5 $146 ({Predecessor:} 5... Nf6 6. e3 Be7 7. Nf3 O-O 8. Be2 Ne4 9. Nxe4 Bxe4 10. h3 d6 11. Bd3 Bf6 12. Bxe4 fxe4 {½-½ (35) Wojtaszek,R (2728)-Grischuk,A (2764) Hamburg 2019}) 6. Bd2 {A40: Unusual replies to 1 d4.} Qf6 7. h4 g4 8. Bf4 {White is slightly better.} d6 9. e3 Bh6 ({Black should play} 9... Nd7 $11) 10. Nge2 $14 Ne7 11. Nb5 Bxf4 $1 12. Nxf4 Na6 13. Nc3 {Threatening Qa4+.} c6 14. d5 Nc5 15. dxe6 O-O-O 16. Qc2 Kb8 17. O-O-O Nxe6 18. Nce2 Nc5 19. Ng3 d5 20. Be2 d4 21. Ngh5 Qe5 22. exd4 Rxd4 23. Rxd4 Qxd4 24. Rd1 Qe5 25. Nd3 Nxd3+ 26. Qxd3 c5 27. g3 Nc6 28. Qd6+ Qxd6 29. Rxd6 Nd4 30. Nf4 Re8 31. Kd2 Re7 32. Bd3 Nf3+ 33. Kc3 Re1 34. Rd8+ (34. Bxf5 $6 Rc1+ 35. Bc2 Nd4 $11) (34. b4 $16) 34... Kc7 $11 35. Rh8 Rc1+ 36. Kb3 $1 {[%cal Rb3a2]} b5 $36 {[%cal Bb6b5,Bb5c4][%mdl 2080] Black is pushing.} 37. Rxh7+ Kb6 ({Black should try} 37... Kb8 $1 $11 38. Rh8+ (38. cxb5 c4+ {[%mdl 64] Decoy} 39. Bxc4 Nd2+ {[%mdl 64] Double Attack} 40. Ka2 Nxc4 $11) 38... Kc7) 38. Rh6+ ({Better is} 38. cxb5 $14 c4+ {[%mdl 64] Double Attack} 39. Kb4 cxd3 40. Nxd3) 38... Ka5 39. Ka2 (39. cxb5 c4+ 40. Bxc4 Nd2+ 41. Ka2 Nxc4 $17) (39. Rh7 $1 $11 {remains equal.} bxc4+ 40. Bxc4) 39... bxc4 $17 40. Bxf5 {Strongly threatening Rh7.} Nd4 $1 {[%cal Rd4b3] ( -> ...Nb3)} 41. Bb1 (41. Bxg4 $2 {leads to mate.} Nb3 42. Ra6+ Bxa6 43. h5 Ra1#) 41... Rf1 $1 {[%mdl 1024] Black has strong compensation.} 42. Rh5 Kb6 43. Rh6+ (43. a4 $17 {is a better defense.}) 43... Kb5 $19 44. a4+ $2 (44. Rh5 {nothing else works.}) 44... Kb4 45. Rh7 Bc6 (45... Bf3 $19 {has better winning chances. White must now prevent ...Nb3.} 46. Re7 (46. Rxa7 $2 Nb3 $19) 46... Kxa4) 46. Rxa7 $17 Rxf2 47. Ra6 Rh2 48. Bg6 (48. Bh7 $17 {is the only way for White.}) 48... Bf3 $1 $19 49. h5 Rh1 $1 50. Bb1 $2 {[#]} (50. h6) 50... Nb3 $1 {Threatens to win with ...Be4!} 51. Re6 Nc1+ 52. Ka1 Kxa4 53. Re3 $2 (53. h6 Nb3+ 54. Ka2) 53... Kb4 54. Re6 Nd3 55. Ne2 Bxe2 56. Rxe2 Rxh5 {[%mdl 4096] Endgame KRB-KRN} 57. Re4 {Hoping for Bxd3.} Nc1 58. Re8 Rh3 (58... c3 $19 {is more deadly.} 59. bxc3+ Kxc3 60. Re3+ Kd2) 59. Rb8+ $17 Ka5 60. Ra8+ $2 (60. Be4) 60... Kb6 $19 61. Bf5 (61. Ba2 $142 Nxa2 62. Kxa2) 61... Rxg3 62. Rb8+ Kc7 (62... Ka7 $142 63. Rf8 Nb3+ 64. Ka2 Rg1 65. Bb1 g3 66. Rg8 g2 67. Rg6 Nc1+ 68. Ka1 Ne2 69. Ka2 Nf4 70. Rg7+ Ka6 71. Be4 Nd3 72. Rg6+ Kb5 73. b3 Nb4+ 74. Kb2 c3+ {[%mdl 64] Deflection, Decoy, Promotion} 75. Kxc3 Rc1+ 76. Kd2 g1=Q 77. Rxg1 Rxg1 78. Bf3 Rg3 79. Bh5 Nc6 80. Be8 Rxb3 81. Bh5 c4 82. Be8 Kc5 83. Bf7 Nd4 84. Bg6 Rg3 85. Bh7 c3+ 86. Ke1 Rh3 87. Bg6 Rf3 88. Bh5 c2 89. Bxf3 c1=Q+ 90. Bd1 Nf5 91. Ke2 Qe3+ 92. Kf1 Ng3+ 93. Kg2 Ne4 94. Kh1 Qg3 95. Bh5 Nf2#) 63. Rg8 Nb3+ 64. Ka2 {[#]} Rg1 $1 {[%csl Gb3][%cal Rg1a1]} 65. Bb1 g3 {Weighted Error Value: White=0.70/Black=0.32} 0-1

[Event "78th LOTTO POL-ch 2021"]
[Site "Bydgoszcz"]
[Date "2021.04.30"]
[Round "1.2"]
[White "Socko, Bartosz"]
[Black "Sadzikowski, Daniel"]
[Result "1/2-1/2"]
[WhiteElo "2618"]
[BlackElo "2527"]
[Annotator "TA"]
[PlyCount "60"]
[EventDate "2021.04.29"]
[EventType "k.o."]
[EventCountry "POL"]
[SourceTitle "playchess.com"]
[Source "ChessBase"]
[SourceQuality "1"]

{[%evp 18,60,10,2,13,0,10,-4,0,0,0,0,0,0,0,0,46,50,41,40,36,33,39,27,81,69,77,47,50,65,59,0,0,0,28,0,0,0,0,0,0,0,0,0,0]} 1. e4 c5 2. Nf3 d6 3. d4 cxd4 4. Nxd4 Nf6 5. Nc3 a6 6. Be3 e5 7. Nf3 Be7 8. Bc4 Be6 9. Bb3 O-O 10. O-O b5 {B90: Sicilian Najdorf: Unusual White 6th moves, 6 Be3 Ng4 and 6 Be3 e5.} 11. Qd3 {[#] Recently 11.Re1 got a lot of attention.} Re8 $146 ({Predecessor:} 11... Qc8 12. Nh4 Nbd7 13. a4 b4 14. Nd5 Nxd5 15. exd5 Bg4 16. Nf5 Bxf5 17. Qxf5 g6 18. Qd3 f5 19. f3 a5 20. Rac1 Bf6 21. c3 {½-½ (21) Nisipeanu,L (2674)-Areshchenko,A (2652) Germany 2018}) 12. Nd5 Bxd5 13. Bxd5 ({Don't blunder} 13. exd5 $2 e4 $19) 13... Nxd5 14. Qxd5 Nd7 15. Rfd1 Qc8 16. Qd3 Qc4 17. Qxc4 bxc4 18. Nd2 $36 {[%mdl 2048] White is more active.} Rec8 19. b3 cxb3 20. cxb3 Rc6 (20... a5 $11 {keeps the balance.}) 21. Nc4 f6 22. Rd2 Kf7 23. Rad1 {[%cal Rc4d6]} Ke6 24. f4 (24. Na5 $14 Rc7 25. f3) 24... g6 $11 25. Kf1 h5 26. Ke2 Rf8 {The position is equal.} 27. Na5 Rc7 28. Nc4 {[%cal Rc4d6]} Rc6 $1 29. Na5 Rc7 30. Nc4 {[%cal Rc4d6]} Rc6 $1 {Weighted Error Value: White=0.08/Black=0.07} 1/2-1/2

[Event "78th LOTTO POL-ch 2021"]
[Site "Bydgoszcz"]
[Date "2021.04.30"]
[Round "1.2"]
[White "Piorun, Kacper"]
[Black "Markowski, Tomasz"]
[Result "0-1"]
[WhiteElo "2615"]
[BlackElo "2546"]
[Annotator "TA"]
[PlyCount "120"]
[EventDate "2021.04.29"]
[EventType "k.o."]
[EventCountry "POL"]
[SourceTitle "playchess.com"]
[Source "ChessBase"]
[SourceQuality "1"]

{[%evp 17,120,29,58,28,22,33,42,37,55,46,70,38,68,35,41,37,84,83,96,37,52,48,57,16,1,-16,-27,-16,-27,-53,-51,-50,-27,-56,-52,-62,-53,-61,-56,-53,-53,-51,-46,-90,0,0,0,0,0,0,0,0,0,-141,-126,-126,-147,-527,-523,-543,-504,-497,-504,-504,-497,-495,-479,-498,-492,-556,-556,-549,-544,-525,-509,-559,-560,-520,-531,-665,-646,-695,-683,-637,-469,-11505,-11481,-11488,-11369,-6498,-7997,-3614,-2902,-693,-653,-29965,-29967,-29966,-29964,-29955,-29960,-6975,-4926,-647,-564]} 1. e4 g6 2. d4 Bg7 3. Nc3 d6 4. f4 Nf6 5. Nf3 O-O 6. Bd3 Na6 7. O-O c5 8. d5 Bg4 9. Kh1 Rb8 10. Bc4 {B09: Pirc Defence: Austrian Attack.} Nc7 11. a4 a6 12. a5 {[#] White is slightly better.} Nd7 $5 $146 {[%mdl 8] An interesting novelty.} ({Predecessor:} 12... Nb5 13. Qd3 Nxc3 14. bxc3 Bd7 15. Kg1 Bb5 16. Rd1 Qc7 17. h3 Rbe8 18. f5 gxf5 19. exf5 {½-½ (39) Pawnstriker1978 (2568)-WieNie (2604) playchess.com INT 2007}) 13. h3 b5 {[#] ...Bxf3 is the strong threat.} 14. hxg4 {Threatens to win with Be2.} (14. axb6 $5 Nxb6 15. Ba2 $11 (15. hxg4 Nxc4 16. Ra2 Bxc3 $11) (15. Bxa6 $2 Bxf3 16. Qxf3 Ra8 $19)) 14... bxc4 15. g5 Nb5 16. Ne2 Qc7 17. c3 e6 18. f5 (18. Ng3 $16) 18... exf5 $14 ({Much worse is} 18... gxf5 $6 19. exf5 exf5 20. Ng3 $16) 19. exf5 Rfe8 20. f6 Bf8 21. Nd2 Ne5 22. Ra4 Qb7 23. Nf4 Nc7 24. Nxc4 Nxc4 25. Rxc4 Re5 26. Ra4 {[%cal Bc4a4,Ba4a3,Ba3f3,Bf3f7][%mdl 32]} Rxg5 {[%cal Rc7d5]} 27. c4 Rf5 28. Ra3 Rxf6 29. Raf3 Ne8 30. Bd2 Rf5 ({Don't play} 30... Qxb2 $6 31. Bc3 $14) (30... Bg7 $17 31. Bc3 Qd7) 31. g4 $1 $11 {[%cal Rg4f5]} Re5 32. Ne6 $1 Be7 33. Rxf7 {White threatens Rf8+! and mate.} Rxe6 $1 34. Bh6 {Threatening mate with Rf8+!} Rf6 35. R1xf6 (35. Qe2 $11 Qb3 36. R1xf6 Qh3+ 37. Kg1 Nxf6 38. Rxf6) 35... Nxf6 $17 36. Rg7+ Kh8 37. b4 $2 {[%mdl 8192] [#] Now White is beyond hope.} (37. Rf7 $17 {is a better chance.}) 37... Qd7 $1 $19 38. Qe2 Re8 39. bxc5 dxc5 40. Qe5 Qd6 41. Qxd6 Bxd6 42. Ra7 {Black must now prevent Bg7+.} Nxg4 43. Rxa6 Nxh6 44. Rxd6 {[%mdl 4096] Endgame KRN-KR} Ra8 45. a6 Nf7 46. Rc6 Kg7 (46... Ne5 $2 47. Rxc5 Rxa6 48. d6 $17) 47. Kg2 Ne5 48. Rxc5 {If only White now had time for Rc7+....} Rxa6 49. Rc7+ Kf6 50. c5 Nd3 51. Rxh7 (51. Kf3 $142 Ra5 52. c6 Rxd5 53. Rxh7) 51... Nxc5 52. Rc7 Ra2+ 53. Kf3 Ra3+ 54. Kg4 Ra4+ 55. Kf3 Nd3 56. Rc6+ Kf5 57. Ke3 Ne5 58. Rc8 Re4+ 59. Kf2 Rd4 60. Rd8 Ke4 {Weighted Error Value: White=0.38/Black=0.07} 0-1

[Event "78th LOTTO POL-ch 2021"]
[Site "Bydgoszcz"]
[Date "2021.04.29"]
[Round "1.2"]
[White "Tomczak, Jacek"]
[Black "Heberla, Bartlomiej"]
[Result "0-1"]
[WhiteElo "2610"]
[BlackElo "2556"]
[Annotator "TA"]
[PlyCount "64"]
[EventDate "2021.04.29"]
[EventType "k.o."]
[EventCountry "POL"]
[SourceTitle "playchess.com"]
[Source "ChessBase"]
[SourceQuality "1"]

{[%evp 9,64,27,40,-16,-11,-8,-16,-31,-39,-90,-99,-92,-72,-161,-98,-110,-101,-90,-88,-129,-92,-99,-89,-87,-96,-141,-133,-142,-141,-146,-137,-126,-117,-280,-62,-164,-14,-29985,-29986,-29986,-29987,-29984,-29980,-29979,-29967,-29965,-29967,-29967,-29968,-29968,-29964,-2975,-5269,-2576,-2500,-2326,-2138]} 1. e4 {Schulz,André} e5 2. Nc3 Nf6 3. g3 c6 4. d4 exd4 5. Qxd4 d5 {[#]} 6. Bh3 $146 {C26: Vienna Game: 2...Nf6, sidelines .} (6. Be3 $14) ({Predecessor:} 6. Nf3 Nbd7 7. exd5 Bc5 8. Qd3 O-O 9. dxc6 Qb6 10. Be3 Bxe3 11. fxe3 bxc6 12. O-O-O {0-1 (31) Lu,S (2615)-Bu,X (2710) Taizhou 2015 CBM 170 [Schulz,André]}) 6... Bxh3 7. Nxh3 Qd7 8. exd5 {The position is equal.} cxd5 9. O-O Nc6 $1 $17 {[%cal Rc6d4]} ({Much weaker is} 9... Qxh3 $6 10. Re1+ (10. Nxd5 $2 Nxd5 11. Qxd5 Nc6 $19) 10... Be7 11. Rxe7+ (11. Nxd5 Nxd5 12. Qxg7 Rf8 $17) 11... Kxe7 12. Qb4+ Kd8 13. Qxb7 $11) 10. Qh4 Be7 11. Bg5 (11. Ng5 $17) 11... O-O-O (11... d4 $1 $19 {[%cal Rd4c3]} 12. Rad1 Ne5) 12. Kg2 d4 13. Ne4 Nxe4 14. Qxe4 Rde8 {aiming for ...Bxg5.} 15. Bxe7 Rxe7 16. Qf4 Rhe8 17. Rfd1 Re5 18. Ng1 g5 19. Qd2 Qd5+ 20. Kf1 g4 $36 {[%mdl 2048] Black is in control.} 21. Qd3 $2 (21. Re1 $17) 21... Qh1 $2 ({Black should try} 21... Nb4 $1 $19 {[%cal Rb4d3]} 22. c4 Qc5) 22. Qxh7 {[#]} ({Better is} 22. c3 $15) 22... f5 (22... R5e6 $1 $19 {Hoping for ...a6.} 23. Qf5 Ne5) 23. Qf7 $2 {[%mdl 8192] [#]} (23. c3 $11) 23... Rh8 $1 24. Re1 Rxh2 {[%csl Gh2][%cal Rh1g2]} 25. Qf8+ Kc7 {[%csl Gh2][%cal Rh1g2]} 26. Qf7+ Kb6 {[%csl Gh2][%cal Rh1g2]} 27. Qb3+ Rb5 28. Qd3 Qg2+ 29. Ke2 Re5+ 30. Kd2 Qxf2+ {Black is clearly winning.} 31. Re2 Rxe2+ 32. Nxe2 Nb4 {Weighted Error Value: White=0.39/Black=0.19} 0-1

[Event "78th LOTTO POL-ch 2021"]
[Site "Bydgoszcz"]
[Date "2021.04.30"]
[Round "1.2"]
[White "Krasenkow, Michal"]
[Black "Kempinski, Robert"]
[Result "1/2-1/2"]
[WhiteElo "2597"]
[BlackElo "2561"]
[Annotator "TA"]
[PlyCount "91"]
[EventDate "2021.04.29"]
[EventType "k.o."]
[EventCountry "POL"]
[SourceTitle "playchess.com"]
[Source "ChessBase"]
[SourceQuality "1"]

{[%evp 22,91,0,0,15,0,8,-15,-9,-50,-35,-39,-64,-54,-47,-58,-43,-43,-38,-31,0,0,0,-11,0,0,0,0,0,0,0,0,0,0,0,0,0,0,0,0,0,0,0,0,0,0,0,0,0,0,0,0,0,0,0,0,0,0,0,0,0,0,0,0,0,0,0,-3,0,0,0,0]} 1. d4 Nf6 2. c4 e6 3. g3 c5 4. d5 exd5 5. cxd5 d6 6. Nc3 g6 7. Bg2 Bg7 8. Nf3 O-O 9. O-O Re8 10. Nd2 a6 11. a4 Nbd7 {[%cal Bb8d7,Bd7e5,Be5d3][%mdl 32]} 12. h3 b6 {A64: Modern Benoni: Fianchetto Variation: 9...Nbd7 10 Nd2 a6 11 a4 Re8.} 13. Nc4 Ne5 14. Na3 Nh5 15. e4 b5 16. axb5 axb5 17. Ncxb5 Ba6 {[#] White must now prevent ...Bxb5.} 18. Nc3 Nd3 19. Qd2 Qb6 {[#]} 20. Bf3 $146 ({Predecessor:} 20. Nc2 Nxb2 21. Rb1 Bxf1 22. Bxb2 Bxg2 23. Kxg2 Rab8 24. Ne3 Qb4 25. Ned1 Qc4 26. Rc1 {0-1 (37) Justo,D (2325)-Hamdouchi,H (2585) Drancy 2016}) 20... Rab8 21. Be2 {The position is equal.} Nxc1 22. Raxc1 Bxc3 23. bxc3 Nf6 24. f3 Bxe2 25. Qxe2 Nxd5 $1 26. Nc4 Qa6 {[#] And now ...Nb6 would win.} 27. Rfe1 Nf6 28. Ra1 Qc6 29. Rad1 d5 30. exd5 Nxd5 31. Qd3 {Rxe8+ is the strong threat.} Nf6 32. Ne5 Qe6 33. g4 {White wants to play Nxg6.} Rb2 34. f4 Qa2 {( -> ...Rg2+)} 35. Qf3 Rd2 36. Rxd2 Qxd2 37. Re2 Qd5 {aiming for ...Qxf3.} 38. Kf2 h6 39. h4 (39. Kg2 {keeps more tension.} c4 40. Kg3 Qd1 41. Kf2 Qd5 42. Kg3) 39... c4 40. g5 hxg5 41. hxg5 Qc5+ 42. Kf1 Nh5 43. Nd7 Qc8 44. Qg4 Ng3+ 45. Qxg3 {Qh3 would kill now.} Qxd7 46. Rxe8+ {Weighted Error Value: White=0.03/Black=0.02} 1/2-1/2

[Event "78th LOTTO POL-ch 2021"]
[Site "Bydgoszcz"]
[Date "2021.04.30"]
[Round "1.2"]
[White "Dziuba, Marcin"]
[Black "Gajewski, Grzegorz"]
[Result "0-1"]
[WhiteElo "2583"]
[BlackElo "2596"]
[Annotator "TA"]
[PlyCount "104"]
[EventDate "2021.04.29"]
[EventType "k.o."]
[EventCountry "POL"]
[SourceTitle "playchess.com"]
[Source "ChessBase"]
[SourceQuality "1"]

{[%evp 11,104,13,17,22,29,16,26,22,20,7,16,27,37,43,84,36,31,36,37,37,38,35,27,0,0,0,10,19,19,16,16,28,26,15,19,20,86,31,37,5,5,5,17,0,0,0,0,0,0,-114,-106,-106,-114,-158,-163,-214,-219,-228,-223,-223,-154,-137,-136,-140,-112,-132,-122,-177,-89,-84,-64,-87,-82,-130,-108,-127,-98,-143,-154,-128,-82,-96,-91,-91,-91,-100,-93,-94,-55,-64,-57,-79,-88,-1033,-1033]} 1. Nf3 d5 2. e3 Nf6 3. b3 c5 4. Bb2 Nc6 5. Bb5 Bd7 6. O-O e6 7. d4 {A06: Réti Opening: 1 Nf3 d5.} a6 8. Bd3 b5 9. dxc5 {White has an edge.} Bxc5 {[#]} 10. Nbd2 $146 ({Predecessor:} 10. Ne5 Qc7 11. Nxd7 Qxd7 12. a3 e5 13. c4 bxc4 14. bxc4 dxc4 15. Bxc4 Qc7 16. Qf3 {½-½ (23) Brandt,M (1639)-Amann,P (1643) Cologne 2004}) 10... O-O 11. c4 dxc4 12. bxc4 b4 13. Ng5 {Threatens to win with Bxf6.} e5 14. Nde4 Nxe4 15. Bxe4 h6 16. Nf3 Rc8 17. Qc2 f6 18. Rfd1 Qe8 19. a3 Be6 20. axb4 Nxb4 21. Qb1 f5 22. Bc2 e4 23. Ne5 Rb8 (23... Qh5 $11) 24. Qc1 (24. Ba4 $16 Qh5 25. Bd7 Bxd7 26. Nxd7 (26. Rxd7 Qe2 $11)) 24... f4 25. Bxe4 fxe3 26. fxe3 Bf5 27. Bxf5 Rxf5 28. Qc3 Rb7 {[%cal Bb8b7,Bb7e7,Be7e4][%mdl 32]} 29. Kh1 Re7 30. Ng4 (30. Nd3 $11 {keeps the balance.} a5 31. Nxc5 (31. Rxa5 Qf8 $14) 31... Rxc5 32. Rd4) 30... Qg6 $1 $17 {[%cal Rg6g4]} 31. h3 h5 $1 {[%cal Rh5g4]} 32. e4 Rxe4 33. Rd7 (33. Rd8+ $142 Kh7 34. Rd7 $1) 33... Bf8 $1 $19 34. Ne3 {[#]} Rf2 35. Rg1 {[%cal Ba1g1,Bg1g2,Bg2f2][%mdl 32]} Na2 36. Qb3 {[#] Nd1 is the strong threat.} Qe6 $1 37. Nd1 {[#]} Rxg2 {[%mdl 512]} 38. Rxg2 (38. Kxg2 Re2+) 38... Qxd7 39. c5+ {[#]} (39. Qf3 $17 {was necessary.} Re1+ 40. Rg1 Rxg1+ 41. Kxg1) 39... Qf7 (39... Kh7 $1 $19 {White must now prevent ...Re1+.} 40. Kh2 Qc7+ 41. Qg3 Qxg3+ 42. Kxg3 Nb4) 40. Qxf7+ $17 Kxf7 41. Rf2+ Kg8 42. Kg2 Bxc5 43. Rf5 Bf8 44. Kf3 Re1 45. Ne3 h4 46. Rh5 Rb1 47. Bd4 Nb4 48. Rxh4 a5 {aiming for ...a4.} 49. Rg4 Nc6 50. Bc3 Rc1 51. Rc4 {[#]} Bb4 $1 {[%mdl 64] Overworked Piece} 52. Bxb4 {[%mdl 8192]} (52. Bb2 $17 Rxc4 53. Nxc4) 52... Ne5+ {[%mdl 64] Double Attack.  Weighted Error Value: White=0.33/Black=0.11} 0-1

[Event "78th LOTTO POL-ch 2021"]
[Site "Bydgoszcz"]
[Date "2021.04.30"]
[Round "1.2"]
[White "Heberla, Bartlomiej"]
[Black "Tomczak, Jacek"]
[Result "1/2-1/2"]
[WhiteElo "2556"]
[BlackElo "2610"]
[Annotator "TA"]
[PlyCount "112"]
[EventDate "2021.04.29"]
[EventType "k.o."]
[EventCountry "POL"]
[SourceTitle "playchess.com"]
[Source "ChessBase"]
[SourceQuality "1"]

{[%evp 18,112,9,0,75,70,75,74,80,70,132,87,80,68,68,67,69,68,68,70,73,65,71,33,32,14,16,0,5,0,0,0,0,0,0,0,0,0,0,0,0,0,0,-10,-10,-10,-8,-8,0,0,0,0,0,0,0,0,0,0,0,0,0,0,0,0,0,0,0,0,0,0,0,-2,0,0,0,0,0,0,0,0,0,-8,0,0,0,-8,0,-8,-8,-8,-8,-8,0,-8,0,0,0]} 1. Nf3 Nf6 2. c4 c5 3. Nc3 d5 4. cxd5 Nxd5 5. e4 Nb4 6. Bb5+ N8c6 7. d4 cxd4 8. a3 dxc3 9. Qxd8+ Kxd8 10. axb4 g6 {A34: Symmetrical English: 2 Nc3, lines with ...d5.} (10... Nxb4 11. O-O $14) (10... cxb2 $11 11. Bxb2 f6) 11. bxc3 $16 Bg7 12. Ra3 Bd7 {Threatening ...Nxb4.White is better.} 13. O-O {[#]} Kc8 $146 (13... a6 $14) ({Predecessor:} 13... Rc8 14. Rd1 Ke8 15. Rxa7 Nxa7 16. Bxd7+ Kd8 17. Be3 Kc7 18. Bf4+ Kb6 19. Bxc8 Nxc8 {1-0 (55) Csom,I (2510)-Stean,M Las Palmas 1978}) 14. Be3 Ne5 15. Bxd7+ Kxd7 16. Rd1+ Kc8 $1 17. Nxe5 ({Don't play} 17. Bxa7 $6 Nc6 $11) 17... Bxe5 18. Rxa7 Rxa7 19. Bxa7 $14 {[%mdl 4096] Endgame KRB-KRB} Kc7 20. Be3 Ra8 21. c4 Ra4 {The position is equal.} 22. Rb1 Bc3 23. b5 e5 24. Kf1 Bd4 25. Bxd4 exd4 $11 {KR-KR} 26. c5 Rc4 27. c6 bxc6 28. bxc6 Kxc6 29. Ke2 Rc2+ 30. Kd3 Rxf2 31. Kxd4 Kd6 {aiming for ...Rd2+.} 32. e5+ Kc6 33. g3 Rd2+ 34. Ke4 Re2+ 35. Kd4 Rd2+ (35... Rxh2 {looks sharper.} 36. Rf1 Rd2+ 37. Ke4 Rd7 38. g4 Rb7) 36. Ke4 Re2+ (36... Rxh2 {feels hotter.} 37. Rf1 Re2+ 38. Kd4 Rd2+ 39. Ke4 Rd7) 37. Kd4 Rxh2 38. Rf1 Rd2+ 39. Ke4 Rd7 40. Rc1+ Kb7 41. g4 Rc7 42. Rh1 Kc6 43. Kd4 Rd7+ 44. Kc4 Kc7 45. Rxh7 Kd8 46. e6 fxe6 47. Rh6 Ke7 {White must now prevent ...Kf6.} 48. Rxg6 Rd1 49. g5 Kd6 50. Rg8 {[#] White threatens Rd8+ and mate.} Ke5 51. g6 Kf6 52. Kc3 Rd7 53. Kc2 Ke5 54. Kc3 Ke4 55. g7 e5 56. Kc4 Ke3 {Weighted Error Value: White=0.04/Black=0.06} 1/2-1/2